000 01002nam a2200265Ia 4500
003 OSt
005 20221005105327.0
006 a|||||r|||| 00| 0
007 ta
008 221004b |||||||| |||| 00| 0 hin d
020 _a8179170128 (hbk)
_c350
024 _a97222
037 _b1923, 09/03/2009, Pioneer Books Distributors
_cTextual
040 _aCRL
_cCRL
_bhin
041 _2hin
_ahin
082 _aV2.L, 152P2
100 _aइरफ़ान हबीब
245 0 _aभारतीय इतिहास में मध्यकाल
246 _aBhāratīya itihās mean madhyakāla
260 _aनई दिल्ली
_bग्रंथ शिल्पी भारत
_c2002
300 _a270पृ0
_ccm.
700 _a रावत, रमेश, संपा.
942 _hV2.L, 152P2
_cTEXL
_2cc
999 _c1015478
_d1015478